[Event "32nd WCh U20 Girls"]
[Site "Pune IND"]
[Date "2014.10.10"]
[Round "5.38"]
[White "Lalaoui, Feriel"]
[Black "Bidhar, Rutumbara"]
[Result "0-1"]
[WhiteElo "1739"]
[BlackElo "1780"]
[EventDate "2014.10.06"]
[PlyCount "64"]

1.e4 c5 2.Nf3 e6 3.d4 cxd4 4.Nxd4 Nf6 5.Nc3 d6 6.Be2 Be7 7.O-O Nc6 8.Be3 
a6 9.a4 Qc7 10.f4 O-O 11.Kh1 Nxd4 12.Bxd4 e5 13.Be3 exf4 14.Rxf4 Be6 15.a5
Nd7 16.Nd5 Bxd5 17.exd5 Ne5 18.Bb6 Qd7 19.c3 f5 20.Qb3 Bg5 21.Rb4 f4 22.
Bd4 f3 23.gxf3 Rae8 24.Rxb7 Qh3 25.c4 Bf4 26.Bg1 Rf6 27.Bf1 Qh5 28.Ra3 Rh6
29.h3 Qf5 30.Bh2 Qb1 31.Kg1 Bxh2+ 32.Kxh2 Qxf1 0-1

[Event "32nd WCh U20 Girls"]
[Site "Pune IND"]
[Date "2014.10.10"]
[Round "5.39"]
[White "Shristi Shetty, J."]
[Black "Cuvelier, Annelies"]
[Result "0-1"]
[WhiteElo "1907"]
[BlackElo "1619"]
[EventDate "2014.10.06"]
[PlyCount "74"]

1.e4 e5 2.Nf3 Nc6 3.Bb5 a6 4.Ba4 Nf6 5.Bxc6 dxc6 6.d3 Bd6 7.Nbd2 c5 8.Nc4 
Nd7 9.Bd2 O-O 10.O-O b5 11.Ne3 Nb8 12.h3 Nc6 13.c3 f5 14.exf5 Bxf5 15.Nxf5
Rxf5 16.Qb3+ Kh8 17.Qd5 Ne7 18.Qe4 Qf8 19.Ng5 h6 20.g4 Rxg5 21.f4 exf4 22.
Bxf4 Bxf4 23.Rxf4 Qd8 24.Rf7 Ng6 25.Raf1 Ne5 26.R7f4 Ng6 27.Rf7 Qd5 28.
Rxc7 Qxe4 29.dxe4 Ne5 30.Kg2 c4 31.Kg3 Rg8 32.Re7 Nc6 33.Re6 Rc8 34.Rf7 
Kg8 35.Rd7 Ne5 36.Ra7 Rc6 37.Ra8+ Kh7 0-1

[Event "32nd WCh U20 Girls"]
[Site "Pune IND"]
[Date "2014.10.11"]
[Round "6.1"]
[White "Ibrahimova, Sabina"]
[Black "Goryachkina, Alexandra"]
[Result "1/2-1/2"]
[WhiteElo "2271"]
[BlackElo "2430"]
[EventDate "2014.10.06"]
[PlyCount "86"]

1.e4 c6 2.d4 d5 3.Nc3 dxe4 4.Nxe4 Nd7 5.Bc4 Ngf6 6.Ng5 e6 7.Qe2 Nb6 8.Bd3 
h6 9.N5f3 c5 10.dxc5 Nbd7 11.Ne5 Nxc5 12.Bb5+ Bd7 13.Nxd7 Nfxd7 14.a3 Be7 
15.Nf3 a6 16.Bc4 b5 17.Ba2 O-O 18.O-O Bf6 19.Rb1 Qc7 20.Be3 Rab8 21.Nd4 g6
22.Rfd1 Kh7 23.Qf3 Bg7 24.Qh3 Nb6 25.Nf3 Nc4 26.Bxc4 bxc4 27.Rd4 Nd7 28.
Rh4 h5 29.g4 Nf6 30.a4 Kg8 31.gxh5 Nxh5 32.Bd4 Bxd4 33.Nxd4 Qc5 34.Re1 
Rxb2 35.Rg4 Kh7 36.Qh4 Rh8 37.Rg5 Qd6 38.Rxh5+ gxh5 39.Qxh5+ Kg8 40.Qg5+ 
Kh7 41.Qh5+ Kg8 42.Qg5+ Kh7 43.Qh5+ Kg8 1/2-1/2

[Event "32nd WCh U20 Girls"]
[Site "Pune IND"]
[Date "2014.10.11"]
[Round "6.2"]
[White "Khademalsharieh, Sarasadat"]
[Black "Chumpitaz Carbajal, Ann"]
[Result "1/2-1/2"]
[WhiteElo "2366"]
[BlackElo "2201"]
[EventDate "2014.10.06"]
[PlyCount "53"]

1.d4 g6 2.c4 Bg7 3.Nf3 Nf6 4.g3 O-O 5.Bg2 d5 6.cxd5 Nxd5 7.O-O Nb6 8.Nc3 
Nc6 9.e3 Re8 10.d5 Na5 11.Nd4 Bd7 12.Rb1 c5 13.dxc6 Nxc6 14.Nxc6 Bxc6 15.
Bxc6 bxc6 16.Qc2 Nd5 17.Rd1 Qa5 18.Na4 Nf6 19.Bd2 Qd5 20.Nc3 Qh5 21.Kg2 
Ng4 22.h3 Ne5 23.Be1 Qf3+ 24.Kg1 Qh5 25.Kg2 Qf3+ 26.Kg1 Qh5 27.Kg2 1/2-1/2

[Event "32nd WCh U20 Girls"]
[Site "Pune IND"]
[Date "2014.10.11"]
[Round "6.3"]
[White "Pustovoitova, Daria"]
[Black "Furtado, Ivana Maria"]
[Result "1-0"]
[WhiteElo "2354"]
[BlackElo "2165"]
[EventDate "2014.10.06"]
[PlyCount "73"]

1.d4 Nf6 2.c4 e6 3.Nf3 d5 4.g3 Nbd7 5.Bg2 g6 6.O-O Bg7 7.Qc2 O-O 8.Rd1 b6 
9.b3 Bb7 10.Nc3 Rc8 11.cxd5 exd5 12.Bb2 Re8 13.e3 a6 14.Rac1 Qe7 15.Ne5 
Qd6 16.f4 Qe6 17.e4 Nxe4 18.Nxe4 dxe4 19.Bxe4 Bxe4 20.Qxe4 Nf6 21.Qb7 Nd5 
22.Re1 a5 23.Nxg6 Qxe1+ 24.Rxe1 Rxe1+ 25.Kf2 Rce8 26.Ne5 Rb1 27.Qxd5 Rxb2+
28.Kf3 Bxe5 29.dxe5 Rxa2 30.Qd7 Rf8 31.f5 Ra3 32.f6 Rxb3+ 33.Kg2 Rb4 34.e6
Rb2+ 35.Kh3 Rf2 36.exf7+ Rxf7 37.Qg4+ 1-0

[Event "32nd WCh U20 Girls"]
[Site "Pune IND"]
[Date "2014.10.11"]
[Round "6.4"]
[White "Zhai Mo"]
[Black "Nandhidhaa, P. V."]
[Result "1/2-1/2"]
[WhiteElo "2339"]
[BlackElo "2144"]
[EventDate "2014.10.06"]
[PlyCount "175"]

1.d4 Nf6 2.c4 e6 3.Nc3 d5 4.Bg5 Be7 5.e3 h6 6.Bh4 O-O 7.Nf3 Nbd7 8.Qc2 c6 
9.cxd5 exd5 10.Bd3 Re8 11.Bg3 Nf8 12.h3 Bd6 13.Bxd6 Qxd6 14.O-O Ne6 15.
Rab1 Ng5 16.Ne5 Rxe5 17.dxe5 Qxe5 18.Ne2 h5 19.Qc3 Qd6 20.Nf4 Bd7 21.b4 
Re8 22.Qc5 Qb8 23.f3 Bxh3 24.b5 Bd7 25.bxc6 Bxc6 26.Kf2 a6 27.Qd4 Qd6 28.
Rh1 Ne6 29.Nxe6 Qxe6 30.Rh4 g6 31.Rhh1 Kg7 32.Rb6 Qd7 33.Rbb1 Qe6 34.Rbg1 
Qe5 35.Qxe5 Rxe5 36.Rc1 Re6 37.Rc2 Nd7 38.Rhc1 Ne5 39.Be2 Kf8 40.f4 Ng4+ 
41.Bxg4 hxg4 42.Rc3 g5 43.fxg5 Rg6 44.Kg3 Rxg5 45.Rf1 Ke7 46.Kh4 Rg6 47.
Rf4 Bd7 48.Rb4 b5 49.Rc7 Kd8 50.Rc5 Be6 51.Rc6 Bf5 52.Rxg6 fxg6 53.Rd4 Be4
54.Kg3 Kc7 55.Kf2 Kc6 56.g3 Kc5 57.Ke2 a5 58.Kd2 b4 59.Kc1 Kb5 60.Kb2 Bf3 
61.Kb3 Be4 62.a3 bxa3 63.Kxa3 Bf3 64.Kb3 Be4 65.Kc3 Bf3 66.Rf4 Kc5 67.Kb3 
Kb5 68.Rf8 Bd1+ 69.Kc3 Bf3 70.Rc8 Be4 71.Kb3 Bf3 72.Kc3 Be4 73.Kd4 Kb6 74.
Rb8+ Kc6 75.Rf8 Kb5 76.Rf6 a4 77.Rf8 a3 78.Kc3 a2 79.Rf1 Bb1 80.Kb2 Kc4 
81.Rd1 Kc5 82.Rd4 Kd6 83.Rxg4 Ke5 84.Ra4 Kf5 85.Kc3 Be4 86.Rxa2 Kg4 87.Kd2
Kxg3 88.Ke2 1/2-1/2

[Event "32nd WCh U20 Girls"]
[Site "Pune IND"]
[Date "2014.10.11"]
[Round "6.5"]
[White "Padmini, Rout"]
[Black "Gelip, Ioana"]
[Result "1-0"]
[WhiteElo "2331"]
[BlackElo "2154"]
[EventDate "2014.10.06"]
[PlyCount "75"]

1.e4 e6 2.d4 d5 3.Nc3 Nf6 4.e5 Nfd7 5.f4 c5 6.Nf3 Nc6 7.Be3 Qb6 8.Na4 Qa5+
9.c3 b6 10.Bd2 c4 11.b4 Nxb4 12.cxb4 Bxb4 13.Qc2 Bxd2+ 14.Nxd2 b5 15.Nc3 
b4 16.Nd1 O-O 17.Rb1 Qb6 18.Nf3 Nb8 19.Ng5 f5 20.exf6 g6 21.f7+ Kg7 22.h4 
Qxd4 23.Nxh7 Rxf7 24.h5 Qxf4 25.Qxg6+ Kh8 26.Rb2 Rg7 27.Nf6 Bd7 28.Rf2 Qc1
29.Rc2 Qf4 30.Rf2 Qc1 31.Nxd7 Rxg6 32.hxg6+ Kg7 33.Rh7+ Kxg6 34.Nf8+ Kg5 
35.Rg7+ Kh5 36.Be2+ Kh4 37.g3+ Kh3 38.Bf1# 1-0

[Event "32nd WCh U20 Girls"]
[Site "Pune IND"]
[Date "2014.10.11"]
[Round "6.6"]
[White "Vaishali, Ramesh Babu"]
[Black "Iwanow, Anna"]
[Result "0-1"]
[WhiteElo "2124"]
[BlackElo "2279"]
[EventDate "2014.10.06"]
[PlyCount "52"]

1.e4 e6 2.d4 d5 3.Nc3 Nf6 4.Bg5 Be7 5.e5 Nfd7 6.Bxe7 Qxe7 7.f4 a6 8.Nf3 c5
9.dxc5 Nc6 10.Bd3 Qxc5 11.Qd2 b5 12.O-O-O Nb6 13.Kb1 Bd7 14.g4 O-O-O 15.a4
Nc4 16.Bxc4 bxc4 17.Nd4 Kc7 18.Nxc6 Qxc6 19.Ka2 Rb8 20.b3 Rb7 21.Ne2 Qc5 
22.Rb1 Rhb8 23.Nd4 Bxa4 24.bxa4 c3 25.Nb5+ Rxb5 26.Rxb5 Qc4+ 0-1

[Event "32nd WCh U20 Girls"]
[Site "Pune IND"]
[Date "2014.10.11"]
[Round "6.8"]
[White "Frayna, Janelle Mae"]
[Black "Saranya, J."]
[Result "1-0"]
[WhiteElo "2140"]
[BlackElo "2107"]
[EventDate "2014.10.06"]
[PlyCount "91"]

1.c4 e5 2.g3 g6 3.Bg2 Bg7 4.Nc3 Nc6 5.e4 Nge7 6.Nge2 d6 7.d3 O-O 8.O-O Bg4
9.f3 Be6 10.Nd5 Qd7 11.Be3 Rad8 12.Qd2 Nd4 13.f4 Nxe2+ 14.Qxe2 Nxd5 15.
cxd5 Bg4 16.Bf3 Bxf3 17.Rxf3 exf4 18.Rxf4 f5 19.Raf1 fxe4 20.dxe4 Rxf4 21.
Bxf4 Re8 22.Re1 Qa4 23.b3 Qb4 24.Bd2 Qd4+ 25.Kg2 h6 26.Bc1 c6 27.dxc6 bxc6
28.Qc4+ Qxc4 29.bxc4 d5 30.cxd5 cxd5 31.e5 g5 32.Bb2 Kf8 33.Kf3 h5 34.h4 
gxh4 35.gxh4 Ke7 36.Rg1 Rf8+ 37.Ke2 Rb8 38.Rxg7+ Kf8 39.Rxa7 Rxb2+ 40.Kd3 
Rb4 41.a4 Re4 42.a5 Rxe5 43.a6 Re6 44.Kd4 Re4+ 45.Kxd5 Rxh4 46.Rb7 1-0

[Event "32nd WCh U20 Girls"]
[Site "Pune IND"]
[Date "2014.10.11"]
[Round "6.9"]
[White "Pratyusha, Bodda"]
[Black "Arabidze, Meri"]
[Result "1-0"]
[WhiteElo "2078"]
[BlackElo "2409"]
[EventDate "2014.10.06"]
[PlyCount "111"]

1.d4 Nf6 2.c4 e6 3.Nc3 Bb4 4.Qc2 O-O 5.Nf3 c5 6.dxc5 Na6 7.g3 Nxc5 8.Bg2 
d6 9.O-O Bxc3 10.Qxc3 Bd7 11.Rd1 Rc8 12.Bf4 e5 13.Be3 b6 14.Rac1 Qc7 15.
Qa3 h6 16.b4 Nce4 17.Nh4 Be6 18.Qd3 Bxc4 19.Qb1 d5 20.Nf5 Rcd8 21.b5 Nc5 
22.Nxh6+ gxh6 23.Qf5 Nh7 24.Bxh6 Rd6 25.Qxe5 f6 26.Qh5 Rfd8 27.Bf4 Qe7 28.
Bxd6 Rxd6 29.Bxd5+ Bxd5 30.Rxd5 Rxd5 31.Qxd5+ Kf8 32.Rc3 Ng5 33.Re3 Nge6 
34.f4 Qd8 35.Qxd8+ Nxd8 36.Ra3 Nde6 37.Rxa7 Nd4 38.a4 Nxe2+ 39.Kg2 Nd4 40.
h4 Ndb3 41.h5 Na5 42.h6 Kg8 43.g4 Kh8 44.Kg3 Nab7 45.Ra6 Nd7 46.g5 Kh7 47.
Ra7 Ndc5 48.Kg4 Kg6 49.f5+ Kh7 50.Kh5 fxg5 51.Kxg5 Ne4+ 52.Kh5 Nd6 53.f6 
Kg8 54.Kg6 Nd8 55.h7+ Kh8 56.Rg7 1-0

[Event "32nd WCh U20 Girls"]
[Site "Pune IND"]
[Date "2014.10.11"]
[Round "6.10"]
[White "Nguyen Thi Mai Hung"]
[Black "Vantika, Agrawal"]
[Result "1-0"]
[WhiteElo "2299"]
[BlackElo "1842"]
[EventDate "2014.10.06"]
[PlyCount "103"]

1.d4 Nf6 2.Nf3 g6 3.g3 Bg7 4.Bg2 O-O 5.O-O d6 6.a4 a6 7.Re1 Ne4 8.c3 e5 9.
dxe5 dxe5 10.Qxd8 Rxd8 11.Nxe5 Nxg3 12.hxg3 Bxe5 13.Nd2 c6 14.Nc4 Bc7 15.
Be3 Be6 16.Nb6 Bxb6 17.Bxb6 Re8 18.a5 Nd7 19.Bd4 f6 20.f4 Kf7 21.e4 Rad8 
22.Kf2 Nf8 23.Bf3 f5 24.e5 h5 25.Be2 Bd5 26.b4 Ne6 27.Bb6 Rd7 28.Red1 Ree7
29.c4 Be4 30.b5 cxb5 31.cxb5 axb5 32.Bxb5 Rxd1 33.Rxd1 h4 34.Bc4 hxg3+ 35.
Kxg3 Bc6 36.Rd6 Be8 37.Bd8 g5 38.fxg5 Bd7 39.Bxe7 Kxe7 40.Bxe6 Bxe6 41.Kf4
Bd7 42.Rxd7+ Kxd7 43.Kxf5 Ke7 44.g6 Ke8 45.Kf6 Kf8 46.e6 Ke8 47.g7 Kd8 48.
g8=Q+ Kc7 49.e7 Kd6 50.e8=Q Kc7 51.Qc8+ Kd6 52.Qgd8# 1-0

[Event "32nd WCh U20 Girls"]
[Site "Pune IND"]
[Date "2014.10.11"]
[Round "6.11"]
[White "Sviridova, Vlada"]
[Black "Varga, Klara"]
[Result "1-0"]
[WhiteElo "2069"]
[BlackElo "2232"]
[EventDate "2014.10.06"]
[PlyCount "45"]

1.d4 e6 2.c4 Nf6 3.Nf3 d5 4.Nc3 Be7 5.Bf4 c6 6.e3 O-O 7.h3 Nbd7 8.Qc2 Re8 
9.Bd3 Nf8 10.O-O Ng6 11.Bh2 Bd6 12.Ne5 dxc4 13.Bxc4 Nd5 14.e4 Nb6 15.Bb3 
a5 16.a4 Nd7 17.f4 Qb6 18.Kh1 c5 19.Nc4 Qc6 20.Nxd6 Qxd6 21.f5 Qb6 22.fxg6
hxg6 23.Nb5 1-0

[Event "32nd WCh U20 Girls"]
[Site "Pune IND"]
[Date "2014.10.11"]
[Round "6.12"]
[White "Petrukhina, Irina"]
[Black "Tarini, Goyal"]
[Result "1-0"]
[WhiteElo "2218"]
[BlackElo "1868"]
[EventDate "2014.10.06"]
[PlyCount "87"]

1.d4 d5 2.c4 e6 3.Nf3 Nf6 4.g3 dxc4 5.Bg2 c6 6.Ne5 Bb4+ 7.Bd2 Be7 8.e3 
Nbd7 9.Nxc4 Qc7 10.e4 e5 11.O-O O-O 12.dxe5 Nxe5 13.Bf4 Nfd7 14.Nc3 b5 15.
Ne3 Qb6 16.a4 b4 17.Nf5 Bf6 18.a5 Qd8 19.Na4 Ba6 20.Re1 g6 21.Nd6 Nd3 22.
Re3 N7e5 23.Bf1 Qxd6 24.Bxd3 Rfd8 25.Bc2 Qxd1+ 26.Bxd1 g5 27.Bxe5 Bxe5 28.
Bb3 g4 29.h3 h5 30.hxg4 hxg4 31.Rc1 Bb5 32.Rc5 Bd4 33.Rg5+ Kf8 34.Re1 Rd6 
35.e5 Rg6 36.Rf5 Rg7 37.e6 f6 38.Nc5 Ke7 39.Rd1 Bxc5 40.Rd7+ Kf8 41.Rxf6+ 
Kg8 42.e7+ Kh8 43.Rh6+ Rh7 44.Rxh7+ 1-0

[Event "32nd WCh U20 Girls"]
[Site "Pune IND"]
[Date "2014.10.11"]
[Round "6.13"]
[White "Gu Tianlu"]
[Black "Khaled, Mouna"]
[Result "1-0"]
[WhiteElo "2055"]
[BlackElo "2191"]
[EventDate "2014.10.06"]
[PlyCount "63"]

1.c4 Nf6 2.d4 g6 3.Nc3 Bg7 4.e4 d6 5.f3 c6 6.Be3 a6 7.a4 a5 8.Qd2 Na6 9.h4
Nb4 10.Rd1 h5 11.Nge2 Nd7 12.Nc1 e5 13.d5 c5 14.Nd3 Nb6 15.b3 Bd7 16.Qf2 
Nc8 17.Nxb4 axb4 18.Nb1 Qe7 19.Qg3 Qf8 20.Be2 Ne7 21.O-O Ng8 22.f4 Bg4 23.
Bxg4 hxg4 24.Qxg4 Qe7 25.fxe5 Bxe5 26.Bg5 Bf6 27.Rxf6 Nxf6 28.Qf3 Qxe4 29.
Qxf6 Qe5 30.Qxe5+ dxe5 31.Bf6 O-O 32.d6 1-0

[Event "32nd WCh U20 Girls"]
[Site "Pune IND"]
[Date "2014.10.11"]
[Round "6.14"]
[White "Pujari, Rucha"]
[Black "Imeeva, Aysa"]
[Result "1-0"]
[WhiteElo "2113"]
[BlackElo "2077"]
[EventDate "2014.10.06"]
[PlyCount "85"]

1.d4 Nf6 2.c4 e6 3.Nf3 d5 4.Nc3 Be7 5.Bf4 c6 6.e3 O-O 7.Qc2 Nbd7 8.a3 b6 
9.Rd1 Bb7 10.h3 a6 11.Be2 Rc8 12.O-O c5 13.dxc5 Nxc5 14.b4 Nce4 15.Nxe4 
Nxe4 16.Bd3 Qe8 17.Bxe4 dxe4 18.Ne5 Bc6 19.Nxc6 Qxc6 20.Rd4 a5 21.Rb1 f5 
22.Be5 axb4 23.axb4 Rfd8 24.Rxd8+ Bxd8 25.Rc1 Be7 26.Qb2 Bf8 27.b5 Qd7 28.
Qd4 Qb7 29.Rd1 h6 30.Rd2 Kh7 31.g3 Rc5 32.Bd6 e5 33.Bxe5 Qc8 34.Kg2 Rxc4 
35.Qxb6 Qe8 36.Qd8 Qxe5 37.Qxf8 Qxb5 38.Rd8 Rc7 39.Qg8+ Kg6 40.Qe6+ Kh7 
41.Qg8+ Kg6 42.Rd6+ Kg5 43.Qd8+ 1-0

[Event "32nd WCh U20 Girls"]
[Site "Pune IND"]
[Date "2014.10.11"]
[Round "6.15"]
[White "Aakanksha, Hagawane"]
[Black "Srija, Seshadri"]
[Result "0-1"]
[WhiteElo "1918"]
[BlackElo "2099"]
[EventDate "2014.10.06"]
[PlyCount "78"]

1.e4 e5 2.Nf3 Nc6 3.Bb5 a6 4.Ba4 Nf6 5.O-O b5 6.Bb3 Bc5 7.c3 d6 8.d3 h6 9.
Nbd2 Bb6 10.h3 Ne7 11.Re1 Be6 12.a4 Rb8 13.Nf1 Ng6 14.Ng3 O-O 15.axb5 axb5
16.d4 Qc8 17.Bxe6 Qxe6 18.Nf5 Nh7 19.d5 Qf6 20.Nh2 Kh8 21.Qh5 Qd8 22.Bd2 
Ne7 23.Nxe7 Qxe7 24.Rf1 f5 25.exf5 Nf6 26.Qd1 Qf7 27.Nf3 Nxd5 28.Nh4 Ne7 
29.g4 Qf6 30.g5 Qf7 31.gxh6 gxh6 32.Bxh6 Rg8+ 33.Kh2 Nxf5 34.Nxf5 Qxf5 35.
Be3 Rg7 36.Qd5 Rh7 37.Qg2 Rg7 38.Qd5 Rbg8 39.Bxb6 Qxh3+ 0-1

[Event "32nd WCh U20 Girls"]
[Site "Pune IND"]
[Date "2014.10.11"]
[Round "6.16"]
[White "Madhurima, Shekhar"]
[Black "Ni Shiqun"]
[Result "1/2-1/2"]
[WhiteElo "2000"]
[BlackElo "2312"]
[EventDate "2014.10.06"]
[PlyCount "99"]

1.e4 e5 2.Nf3 Nf6 3.Nxe5 d6 4.Nf3 Nxe4 5.d4 d5 6.Bd3 Nc6 7.O-O Be7 8.Nbd2 
Nxd2 9.Bxd2 Bg4 10.c3 O-O 11.Re1 Qd7 12.h3 Bf5 13.Bxf5 Qxf5 14.Qb3 Qd7 15.
Bf4 Na5 16.Qc2 Bf6 17.Be5 Be7 18.Re2 Rfe8 19.Rae1 Nc4 20.Kf1 c6 21.Bg3 Bd6
22.Be5 f6 23.Bxd6 Nxd6 24.Qd3 a5 25.Nd2 a4 26.Qg3 Rxe2 27.Rxe2 Kf7 28.Qg4 
Nf5 29.Nf3 Rd8 30.Nh4 Nd6 31.Qxd7+ Rxd7 32.Nf3 Nb5 33.a3 Nd6 34.Nd2 h5 35.
g3 Rd8 36.Nf3 b6 37.Ne1 Nc4 38.Nd3 Rd6 39.Ke1 Re6 40.Rxe6 Kxe6 41.Ke2 Kf5 
42.Kf3 Kg5 43.Ke2 h4 44.f4+ Kf5 45.g4+ Ke4 46.f5 Nd6 47.Nb4 Nc4 48.Nd3 Nd6
49.Nb4 Nc4 50.Nd3 1/2-1/2

[Event "32nd WCh U20 Girls"]
[Site "Pune IND"]
[Date "2014.10.11"]
[Round "6.17"]
[White "Gevorgian, Maria"]
[Black "Bakshi, Rutuja"]
[Result "1-0"]
[WhiteElo "2160"]
[BlackElo "1959"]
[EventDate "2014.10.06"]
[PlyCount "103"]

1.e4 Nf6 2.Nc3 d6 3.d4 g6 4.f4 Bg7 5.Nf3 O-O 6.Bd3 c6 7.O-O b5 8.e5 Ne8 9.
Ne4 f6 10.Qe1 Bg4 11.Qh4 Qd7 12.Bd2 Na6 13.Rae1 Nac7 14.Kh1 Bf5 15.Qg3 Ne6
16.Bc3 N8c7 17.h4 c5 18.dxc5 Nxc5 19.exd6 exd6 20.h5 Nxe4 21.Bxe4 Bxe4 22.
Rxe4 Qf5 23.Rfe1 Qxh5+ 24.Kg1 Qc5+ 25.Bd4 Qd5 26.Re7 Rf7 27.f5 g5 28.Rxf7 
Kxf7 29.Nxg5+ Kg8 30.Nf3 Kf8 31.Qh4 Qxf5 32.Rf1 Qg6 33.Ng5 Kg8 34.Ne4 Ne8 
35.Rf3 Kh8 36.Nxf6 Nxf6 37.Bxf6 Re8 38.Qd4 Bxf6 39.Rxf6 Qg7 40.Qxd6 Rg8 
41.Rf2 Qxb2 42.Rf7 a5 43.Kh2 a4 44.Re7 Rg7 45.Re8+ Rg8 46.Re5 Kg7 47.Qe7+ 
Kh6 48.Qh4+ Kg6 49.Qg5+ Kf7 50.Qf5+ Kg7 51.Re7+ Kh6 52.Rxh7# 1-0

[Event "32nd WCh U20 Girls"]
[Site "Pune IND"]
[Date "2014.10.11"]
[Round "6.18"]
[White "Barbosa, Larissa Ichimura"]
[Black "Zarkovic, Mila"]
[Result "1/2-1/2"]
[WhiteElo "1975"]
[BlackElo "2136"]
[EventDate "2014.10.06"]
[PlyCount "86"]

1.e4 c5 2.c3 Nf6 3.e5 Nd5 4.d4 cxd4 5.cxd4 e6 6.Nf3 d6 7.Bc4 Nc6 8.O-O Be7
9.Qe2 O-O 10.Nc3 Nxc3 11.bxc3 dxe5 12.dxe5 Qc7 13.Bd3 b6 14.Re1 Bb7 15.Bg5
Rfd8 16.Rad1 Na5 17.Bd2 Rac8 18.Nd4 Nc4 19.Bf4 g6 20.Qg4 Bd5 21.h4 Nb2 22.
h5 Bf8 23.hxg6 fxg6 24.Bxg6 hxg6 25.Nxe6 Bxe6 26.Qxg6+ Bg7 27.Qxe6+ Qf7 
28.Qxf7+ Kxf7 29.e6+ Ke8 30.Rxd8+ Rxd8 31.Re2 Nc4 32.Bg5 Rd1+ 33.Kh2 Bxc3 
34.f4 Rd2 35.Rxd2 Bxd2 36.Kg3 Ne5 37.Kf2 Ng6 38.Kf3 Nf8 39.Ke2 Bc1 40.Kd1 
Be3 41.Ke2 Bc1 42.Kd1 Ba3 43.f5 Nh7 1/2-1/2

[Event "32nd WCh U20 Girls"]
[Site "Pune IND"]
[Date "2014.10.11"]
[Round "6.19"]
[White "Monpeurt, Cyrielle"]
[Black "Bengtsson, Jessica"]
[Result "1-0"]
[WhiteElo "2115"]
[BlackElo "1943"]
[EventDate "2014.10.06"]
[PlyCount "133"]

1.e4 e5 2.Nf3 Nc6 3.Bc4 Bc5 4.b4 Bxb4 5.c3 Ba5 6.d4 exd4 7.Qb3 Qe7 8.O-O 
d6 9.cxd4 Bb6 10.Bb5 Bd7 11.Bb2 Na5 12.Bxd7+ Qxd7 13.Qd3 Ne7 14.d5 O-O 15.
Qc3 f6 16.Nd4 c6 17.Ne6 Rf7 18.Qd3 Ng6 19.Kh1 Ne5 20.Qe2 cxd5 21.exd5 Rc8 
22.f4 Nec4 23.Bc3 Re8 24.Rf3 Qb5 25.Qd3 a6 26.Nd2 Nxd2 27.Qxd2 Nc4 28.Qd3 
Ne3 29.Rxe3 Bxe3 30.Qe4 Ba7 31.Re1 Rc8 32.Qf3 Qc4 33.Ba5 Qxa2 34.Bb4 Qf2 
35.Qg4 f5 36.Qg5 h6 37.Qg6 Qc2 38.Bxd6 Qd2 39.Rg1 Qxd5 40.Be5 Qd7 41.Bxg7 
Rxg7 42.Nxg7 Bxg1 43.Nh5+ Kf8 44.Qxh6+ Kf7 45.Qf6+ Kg8 46.Qg6+ Kf8 47.Qh6+
Kf7 48.Qg7+ Ke6 49.Qg6+ Ke7 50.Qf6+ Ke8 51.Ng7+ Qxg7 52.Qxg7 Rc1 53.Qg6+ 
Kd8 54.Qg5+ Kc7 55.h4 Bf2+ 56.Kh2 Bg1+ 57.Kh3 Bf2 58.Qxf5 Rc3+ 59.Kg4 Rg3+
60.Kh5 Rxg2 61.Qe5+ Kc8 62.f5 Bg3 63.Qe8+ Kc7 64.Qe7+ Kb6 65.f6 a5 66.f7 
Rf2 67.f8=Q 1-0

[Event "32nd WCh U20 Girls"]
[Site "Pune IND"]
[Date "2014.10.11"]
[Round "6.20"]
[White "Michelle Catherina"]
[Black "Hilmi, Parveen"]
[Result "1/2-1/2"]
[WhiteElo "2114"]
[BlackElo "1757"]
[EventDate "2014.10.06"]
[PlyCount "60"]

1.e4 e6 2.d4 d5 3.Nc3 dxe4 4.Nxe4 Nd7 5.Nf3 Ngf6 6.Bg5 h6 7.Nxf6+ Nxf6 8.
Be3 Bd6 9.Bd3 Qe7 10.Qe2 Bd7 11.Ne5 Nd5 12.Bd2 Nb4 13.Bxb4 Bxb4+ 14.c3 Bd6
15.Be4 c6 16.O-O-O O-O-O 17.Kb1 Kb8 18.Qe3 Rhg8 19.c4 g5 20.c5 Bc7 21.Bc2 
f6 22.Nc4 Qg7 23.Rhe1 Rge8 24.Qc3 Bc8 25.Rd3 e5 26.dxe5 Rxd3 27.Qxd3 fxe5 
28.Qg6 Qf8 29.Nd6 Re6 30.Qd3 Qxf2 1/2-1/2

[Event "32nd WCh U20 Girls"]
[Site "Pune IND"]
[Date "2014.10.11"]
[Round "6.21"]
[White "Mahalakshmi, Muganda Kumar"]
[Black "Shweta, Gole"]
[Result "0-1"]
[WhiteElo "1997"]
[BlackElo "1881"]
[EventDate "2014.10.06"]
[PlyCount "92"]

1.d4 Nf6 2.c4 e5 3.dxe5 Ng4 4.Nf3 Nc6 5.Bf4 Bb4+ 6.Nbd2 Qe7 7.e3 Ngxe5 8.
Nxe5 Nxe5 9.a3 Bxd2+ 10.Qxd2 d6 11.Be2 O-O 12.O-O Bf5 13.Qc3 Rfe8 14.Rac1 
a5 15.c5 c6 16.cxd6 Qxd6 17.Rfd1 Qe7 18.Rd4 Ng6 19.Bd6 Qf6 20.Bc7 a4 21.
Bd1 Ne7 22.Bf3 Be6 23.e4 Qg6 24.Qb4 Qg5 25.Rc5 Qf6 26.Be5 Qh6 27.Qxb7 f5 
28.g3 fxe4 29.Bxe4 Bd5 30.Bxd5+ cxd5 31.Qd7 Qg6 32.Rg4 Red8 33.Rxg6 Rxd7 
34.Rxg7+ Kf8 35.Rxh7 d4 36.Bf4 Raa7 37.Bg5 d3 38.Bxe7+ Kg8 39.Bg5 Kxh7 40.
Bd2 Rab7 41.Rc4 Rxb2 42.Be3 d2 43.Bxd2 Rdxd2 44.Rxa4 Rxf2 45.Rh4+ Kg6 46.
a4 Rfc2 0-1

[Event "32nd WCh U20 Girls"]
[Site "Pune IND"]
[Date "2014.10.11"]
[Round "6.22"]
[White "Tejaswini, Sagar"]
[Black "Varshini, Velavan"]
[Result "0-1"]
[WhiteElo "1876"]
[BlackElo "2040"]
[EventDate "2014.10.06"]
[PlyCount "116"]

1.e4 c5 2.Nf3 d6 3.d4 cxd4 4.Nxd4 Nf6 5.Nc3 a6 6.h3 e6 7.g4 b5 8.Bg2 Bb7 
9.O-O Nfd7 10.f4 Nc6 11.Be3 Be7 12.e5 d5 13.f5 Nxd4 14.Bxd4 Qc7 15.fxe6 
fxe6 16.g5 Bc5 17.Kh1 O-O-O 18.Rf7 Bxd4 19.Qxd4 Qxe5 20.Qxe5 Nxe5 21.Rxg7 
Rd7 22.Rxd7 Kxd7 23.Rf1 Ke7 24.Ne2 Rg8 25.h4 Ng6 26.Nd4 Nxh4 27.Bh3 Bc8 
28.Rf4 Ng6 29.Rf6 Nf8 30.Nc6+ Ke8 31.Kg2 Rxg5+ 32.Kf3 Rg6 33.Rf4 e5 34.
Nxe5 Bxh3 35.Nxg6 hxg6 36.Rh4 Bf5 37.c3 g5 38.Rd4 Be6 39.a4 Kd7 40.axb5 
axb5 41.Rd2 Ng6 42.Kg3 Kd6 43.b3 Ke5 44.Re2+ Kf5 45.Re1 Nf4 46.Re3 Nh5+ 
47.Kg2 g4 48.b4 Kf6 49.Kf2 Bf5 50.Re8 g3+ 51.Kg1 Nf4 52.Rf8+ Kg5 53.Rb8 
Be4 54.Rg8+ Kh4 55.Kf1 g2+ 56.Ke1 Nh3 57.Rh8+ Kg3 58.Rg8+ Kf3 0-1

[Event "32nd WCh U20 Girls"]
[Site "Pune IND"]
[Date "2014.10.11"]
[Round "6.23"]
[White "Potluri, Supreetha"]
[Black "Azimova, Karina"]
[Result "1/2-1/2"]
[WhiteElo "1738"]
[BlackElo "2063"]
[EventDate "2014.10.06"]
[PlyCount "76"]

1.d4 d6 2.e4 Nf6 3.Nc3 e5 4.Nf3 exd4 5.Nxd4 Be7 6.Bc4 O-O 7.O-O c6 8.a4 
Re8 9.Re1 Bf8 10.f3 d5 11.exd5 Rxe1+ 12.Qxe1 Bc5 13.Qf2 cxd5 14.Bb3 Nc6 
15.Be3 Na5 16.Rd1 Nxb3 17.Nxb3 Bxe3 18.Qxe3 Be6 19.Nb5 a6 20.N5d4 Qd6 21.
Nxe6 fxe6 22.c3 Rc8 23.Re1 Kf7 24.Nd4 Re8 25.Qe5 Qxe5 26.Rxe5 Nd7 27.Re1 
Nc5 28.Ra1 e5 29.Ne2 Kf6 30.b4 Nb3 31.Rb1 Nd2 32.Rd1 Nc4 33.Rxd5 Ke6 34.
Rd1 Nb2 35.Ra1 Rd8 36.a5 Kd5 37.Rb1 Nd3 38.Kf1 Kc4 1/2-1/2

[Event "32nd WCh U20 Girls"]
[Site "Pune IND"]
[Date "2014.10.11"]
[Round "6.24"]
[White "San Diego, Marie Antoinette"]
[Black "Ananya, Suresh"]
[Result "1-0"]
[WhiteElo "2033"]
[BlackElo "1853"]
[EventDate "2014.10.06"]
[PlyCount "67"]

1.d4 Nf6 2.Nf3 g6 3.Bf4 Bg7 4.e3 O-O 5.Be2 d6 6.h3 Nbd7 7.O-O c5 8.c3 a6 
9.a4 b6 10.Nbd2 Bb7 11.Qb3 Rb8 12.Rfd1 Qc8 13.Bh2 Bd5 14.Qc2 cxd4 15.exd4 
Bb7 16.Bd3 Re8 17.Re1 Ra8 18.Re2 Nf8 19.Rae1 Qc7 20.Ng5 h6 21.Nge4 Nxe4 
22.Bxe4 Bxe4 23.Rxe4 Qd7 24.Nc4 Qc6 25.d5 Qxd5 26.Nxb6 Qb7 27.Nxa8 Ne6 28.
Rxe6 fxe6 29.Qxg6 Rxa8 30.Qxe6+ Kf8 31.Re3 Qxb2 32.Rf3+ Bf6 33.Bxd6 Qc1+ 
34.Kh2 1-0

[Event "32nd WCh U20 Girls"]
[Site "Pune IND"]
[Date "2014.10.11"]
[Round "6.25"]
[White "Turkova, Karolina"]
[Black "Chitlange, Sakshi"]
[Result "0-1"]
[WhiteElo "2033"]
[BlackElo "1827"]
[EventDate "2014.10.06"]
[PlyCount "135"]

1.e4 e6 2.d4 d5 3.Nc3 dxe4 4.Nxe4 Nd7 5.Nf3 Ngf6 6.Nxf6+ Nxf6 7.Bd3 c5 8.
c3 cxd4 9.cxd4 Bb4+ 10.Kf1 O-O 11.Bg5 Be7 12.h4 Nd5 13.Qe2 Bd7 14.Qe4 f5 
15.Qe5 Bf6 16.Qe2 Qb6 17.Bc4 Rac8 18.Bxf6 gxf6 19.b3 Qd6 20.Re1 Nf4 21.Qe3
b5 22.Be2 Rc2 23.g3 Nd5 24.Qh6 Rxa2 25.Rg1 Qe7 26.g4 fxg4 27.Rxg4+ Kh8 28.
Bd3 Rg8 29.Rxg8+ Kxg8 30.Bb1 Ra3 31.Be4 Nc3 32.Bf5 Rxb3 33.Nh2 Qg7 34.
Qxg7+ Kxg7 35.Bxe6 Bxe6 36.Rxe6 Rb1+ 37.Kg2 a5 38.Ng4 b4 39.Ra6 a4 40.d5 
Nxd5 41.Rxa4 Kg6 42.Ra5 Nf4+ 43.Kf3 Nh5 44.Rb5 b3 45.Ne3 Ng7 46.Nc4 Ne6 
47.Ke3 Rh1 48.Nd2 Rxh4 49.Nxb3 Rh3+ 50.f3 h5 51.Rb8 Rh2 52.Nd2 Ng7 53.Ne4 
h4 54.Rf8 Nh5 55.Rg8+ Kf7 56.Rh8 Kg6 57.Rg8+ Ng7 58.Rf8 Nh5 59.Rg8+ Kh7 
60.Rf8 Kg7 61.Ra8 h3 62.Ra5 Kg6 63.Nf2 f5 64.Nd3 Rg2 65.Ra6+ Kh7 66.Ra7+ 
Ng7 67.Nf4 h2 68.Kd4 0-1